000 00384nam a2200133Ia 4500
003 GCL
008 140319s9999 xx 000 0 ara d
040 _aGCL /
_cGCL
082 0 4 _a813.01
_bا ج
100 1 _aابراهيم الكونى
245 1 0 _aجرعة من دم /
_cابراهيم الكونى
300 _a135 ص
490 _aالهيئة العامة للاستعلامات
_v0
999 _c47550
_d47550